How to solve it: Modern heuristics

Gorde:
Xehetasun bibliografikoak
Egile nagusia: Zbigniew Michalewicz
Formatua: Liburua
Hizkuntza:Undetermined
Argitaratua: New York, NY Springer 2000
Gaiak:
Etiketak: Etiketa erantsi
Etiketarik gabe, Izan zaitez lehena erregistro honi etiketa jartzen!
Thư viện lưu trữ: Trung tâm Học liệu Trường Đại học Cần Thơ
LEADER 00510nam a2200181Ia 4500
001 CTU_59142
008 210402s9999 xx 000 0 und d
082 |a 153.43 
082 |b M621 
100 |a Zbigniew Michalewicz 
245 0 |a How to solve it: Modern heuristics 
245 0 |c Zbigniew Michalewicz and David B. Fogel 
260 |a New York, NY 
260 |b Springer 
260 |c 2000 
650 |a problem solving,heuristic 
904 |i Minh 
980 |a Trung tâm Học liệu Trường Đại học Cần Thơ